20 Congo animals - Statistics

General Stats
  • This quiz has been taken 32 times
  • The average score is 11 of 20
Answer Stats
Picture Answer % Correct
Chimpanzee
93%
Gorilla
89%
Leopard
82%
Nile crocodile
82%
White rhino
75%
Okapi
71%
Bonobo
61%
Mandrill
61%
Warthog
61%
Tree pangolin
54%
Bongo
46%
Mongoose
46%
Nile monitor
43%
Forest elephant
39%
Gray parrot
39%
Colobus
36%
Red river hog
36%
Gaboon viper
29%
Forest buffalo
14%
Turaco
14%
No matching quizzes found
Score Distribution
Percent of People with Each Score
Percentile by Number Answered
Your Score History
You have not taken this quiz